000 00596nam a2200181Ia 4500
008 100920s9999 xx 000 0 und d
082 _b58158
_a24 थ 92
100 _aयादवाडकर प्रकाश.
245 _aआदित्यमित्र.
260 _bगं्रथाली अभिनव वाचक चळवळ,मुंबई.
_c1992
300 _a72
_bसाधी
365 _b20
520 _aसायो.
630 _aआदित्यमित्र.
650 _aसायो.
730 _aआदित्यमित्र.
942 _cBOOK
999 _c701887
_d701884